|
|
|
|
| LEADER |
00000nam2a2200000 4500 |
| 001 |
251414 |
| 005 |
20231101232644.0 |
| 020 |
|
|
|a RU
|b 85-14617
|
| 035 |
|
|
|a (RuTPU)RU\TPU\book\273704
|
| 090 |
|
|
|a 251414
|
| 100 |
|
|
|a 20140221d1984 k y0rusy5003 ca
|
| 101 |
0 |
|
|a rus
|
| 200 |
0 |
|
|a Вып. 13
|f под ред. В. Г. Недовесова
|
| 210 |
|
|
|a Ленинград
|c Энергоатомиздат. Ленингр. отд-ние
|d 1984
|
| 215 |
|
|
|a 208 с.
|
| 461 |
|
1 |
|0 (RuTPU)RU\TPU\book\273040
|t Прикладная ядерная спектроскопия
|o сборник статей
|v Вып. 13
|d 1976-1984
|
| 606 |
1 |
|
|a Спектроскопия ядерная
|2 stltpush
|3 (RuTPU)RU\TPU\subj\55817
|9 73775
|
| 610 |
1 |
|
|a монокристаллы
|
| 610 |
1 |
|
|a электроны
|
| 610 |
1 |
|
|a каналирование
|
| 610 |
1 |
|
|a полупроводниковые детекторы
|
| 610 |
1 |
|
|a ядерные излучения
|
| 610 |
1 |
|
|a тормозное излучение
|
| 610 |
1 |
|
|a ионизационные камеры
|
| 610 |
1 |
|
|a бета-спектрометры
|
| 675 |
|
|
|a 539.143.43
|z rus
|v 3
|
| 702 |
|
1 |
|a Недовесов
|b В. Г.
|4 340
|
| 801 |
|
0 |
|a RU
|b RuMRKP
|c 19950704
|g psbo
|
| 801 |
|
1 |
|a RU
|b 63413507
|c 20140221
|
| 801 |
|
2 |
|a RU
|b 63413507
|c 20150519
|g RCR
|
| 942 |
|
|
|c BK
|